000 00876nam a2200241 i 4500
001 bg
245 0 0 _aNajnowsza historia świata 1945-1995 /
_cpod red. Artura Patka, Jana Rydla, Janusza Józefa Węca ; [aut. Tadeusz Czekalski et al.
_nT. 2,
_p1963-1979.
260 _aKraków :
_bWydaw. Literackie,
_c1997.
300 _a245, [2] s. :
_bmapy ;
_c21 cm.
521 _aPodręcznik do przedmiotu Historia powszechna XX w. w Instytucie Historii i Instytucie Nauk Politycznych UJ.
650 9 _aHistoria
_yod 1945 r.
700 1 _aPATEK, Artur
_d(1965- ).
_eRed.
700 1 _aRYDEL, Jan.
_eRed.
700 1 _aWĘC, Janusz Józef
_d(1957- ).
_eRed.
700 1 _aCZEKALSKI, Tadeusz.
020 _a8308027172 (t. 2)
040 _cBPK
041 0 _apl
080 _a94"1945/..."
920 _a83-08-02717-2 (t. 2)
942 _cKS
008 s pl f |000 0 pol
999 _c31355
_d31355
856 _uhttp://koha.tu.koszalin.pl/cgi-bin/koha/opac-detail.pl?biblionumber=31355
_yKatalog online BPK